000 00390cam a2200157ua 4500
003 OSt
008 250823b |||||||| |||| 00| 0 eng d
041 _aeng
082 _a627.83
_bNEL/DE
100 _aNelson, K.D .
_97747
245 _aDesign and construction of small earth dams /
250 _a1 /
260 _a :
_bScientific Publishers ,
_c1991.
300 _a116 ; .
942 _cBK
999 _c1565
_d1565